Frankenstein. (Record no. 112163)
[ view plain ]
| 000 -LEADER | |
|---|---|
| fixed length control field | 00268nam a2200121 a 4500 |
| 001 - CONTROL NUMBER | |
| control field | 4143 |
| 005 - DATE AND TIME OF LATEST TRANSACTION | |
| control field | 20140414131929.0 |
| 008 - FIXED-LENGTH DATA ELEMENTS--GENERAL INFORMATION | |
| fixed length control field | 090223s19uu xx 00 eng d |
| 050 ## - LIBRARY OF CONGRESS CALL NUMBER | |
| Classification number | FIC |
| Item number | Sh3 1981 |
| 100 ## - MAIN ENTRY--PERSONAL NAME | |
| Personal name | Shelley, Mary |
| 245 ## - TITLE STATEMENT | |
| Title | Frankenstein. |
| Withdrawn status | Lost status | Damaged status | Home library | Current library | Shelving location | Date acquired | Total Checkouts | Total Renewals | Full call number | Barcode | Date last seen | Date checked out | Price effective from | Koha item type |
|---|---|---|---|---|---|---|---|---|---|---|---|---|---|---|
| Munich Library | Munich Library | Fiction Section | 02/23/2009 | 1 | 1 | FIC Sh3 1981 | M3237 | 09/23/2022 | 07/18/2022 | 04/14/2014 | Books |